Las cinco tontilocas / (Registro nro. 12276)

Detalles MARC
000 -LIDER
fixed length control field 00843nam a22002777a 4500
001 - NÚMERO DE CONTROL
Identificador de número de control 002145093
003 - IDENTIFICACDOR DE NÚMERO DE CONTROL
control field DO-SdBNP
005 - DATE AND TIME OF LATEST TRANSACTION
control field 20180219150518.0
007 - CAMPOS FIJOS DE DESCRIPCIÓN FÍSICA
fixed length control field 00214509
008 - ELEMENTOS DE LONGITUD FIJA
fixed length control field 161205b 1987 sp a ||||| |||| 00| 0 spa d
020 ## - ISBN
International Standard Book Number 8430515410
040 ## - FUENTE DE CATALOGACIÓN
Agencia que crea de manera original el registro BPMSU
Idioma de catalogación spa
Agencia que realiza la transcripción BPMSU
082 ## - NÚMERO DE CLASIFICACIÓN DECIMAL DE DEWEY
Classification number xxxx
Item number xxxx
100 1# - ASIENTO PRINCIPAL -- NOMBRE PERSONAL
Nombre personal Vázquez-Vigo, Carmen
245 10 - MENCIÓN DE TITULO
Título Las cinco tontilocas /
Mención de responsabilidad Carmen Vázquez-Vigo ; ilustraciones, Antonio Tello.
250 ## - MENCIÓN DE EDICION
Mención de edición 2ª ed.,
260 ## - PUBLICACIÓN, DISTRIBUCIÓN, ETC. (PIE DE IMPRENTA)
Lugar de publicación, distribución, etc Madrid :
Nombre del editor, distribuidor, etc. Susaeta,
Fecha de publicación, distribución, etc 1987.
300 ## - DESCRIPCIÓN FÍSICA
Extensión 64 p. :
Otros detalles físicos il. ;
Dimensiones 19 cm.
490 1# - MENCIÓN DE SERIES
Mención de serie A toda máquina
Volume/sequential designation 10
500 ## - NOTA GENERAL
Nota general Incluye datos de la autora en la solapa de la cubierta.
700 12 - ASIENTO SECUNDARIO -- NOMBRE PERSONAL
Nombre personal Tello, Antonio,
Mención de responsabilidad il.
830 #0 - ASIENTO SECUNDARIO DE SERIE--TÍTULO UNIFORME
Título uniforme A toda máquina ;
Volume number/sequential designation 10
942 ## - ADDED ENTRY ELEMENTS (KOHA)
Source of classification or shelving scheme Dewey Decimal Classification
Koha item type Libros
945 ## - INFORMACIÓN DE PROCESAMIENTO LOCAL
Información de procesamiento local Inventariado, 2018 / BT
956 ## - LOCAL ELECTRONIC LOCATION AND ACCESS (OCLC)
Método de acceso LOPEREZ
Materiales especificados 10
Enlace 20161205
Campo enlazado y núm. de secuencia BPMSU
Nombre de host 00041
Existencias
Withdrawn status Lost status Source of classification or shelving scheme Damaged status Not for loan Collection code Home library Current library Date acquired Source of acquisition Total Checkouts Full call number Barcode Date last seen Price effective from Koha item type
    Dewey Decimal Classification     Colección Infantil General Biblioteca Pública Metropolitana Salomé Ureña Biblioteca Pública Metropolitana Salomé Ureña 12/05/2016 SUSAETA   xxxx xxxx BPMSU16120121 12/05/2016 12/05/2016 Libros